| 000 | 01607 a2200205 4500 | ||
|---|---|---|---|
| 001 | 38511 | ||
| 005 | 20260407155648.0 | ||
| 008 | 260407a1980 arg spa d | ||
| 003 | AR-UNSa-BCEJYS | ||
| 040 |
_aAR-UNSa-BCEJYS _bspa _cAR-UNSa-BCEJYS |
||
| 080 |
_a658.8 _xOrganización de mercados. Marketing. Ventas. Distribución |
||
| 245 | 1 | 0 |
_aMarketing _panálisis económico-comparativo y gerencial |
| 250 | _a4a. ed. | ||
| 264 | 1 |
_aBuenos Aires : _bSudamericana _c1980 |
|
| 300 |
_a683 p. _c20 cm. |
||
| 505 | _a1. Sistemas económicos - El sistema capitalista - 2. Marketing en las economías orientadas hacia el consumidor: EE.UU - 3. El sistema colectivista - 4. Marketing en las economías orientadas hacia la producción y en las economías en transición - 5. Fundamentos de marketing( de acuerdo a las experiencias capitalista y colectiva) - 6. Las ganancias y la dinámica de las empresas modernas - 7. El ejecutivo, la planificación y la organización de marketing - 8. La conducta del consumidor: Principios de ciencias de la conducta y de investigación - 9. La conducta del consumidor - 10. La dirección de la información y la toma de decisiones - 11. La innovación y la dirección de los productos - 12. Competencia de precios y de marcas - 13. Selección de canales y logistica de la distribución - 14. La función de promoción : El concepto de promoción, la venta personal- La función de promoción: Comunicación masiva.Publicidad - 16. Medición de la efectividad publicitaria | ||
| 942 | _cBK | ||
| 590 | _aniveau_biblio:m niveau_hierar:0 | ||
| 100 | 1 | _aCosta Lieste, Enrique G. | |
| 999 |
_c2891 _d2891 |
||